000 00645nam a22001697a 4500
999 _c11697
_d11697
003 OSt
005 20181220150042.0
008 181220b ||||| |||| 00| 0 eng d
040 _c0
082 _aDPer 910.5 T69 Apr-June 2015 v. 45, n.4-5
245 _aLeche flan made even better :
_bLet's reengineer this beloved dessert using three types of milk /
_cphotograph by Justin de Jesus ; Styling by Tina Concepcion Diaz
260 _aQuezon City, Philippine :
_bABS-CBN Publishing Inc.,
_ccApr-June 2015.
300 _av. 45, n. 2, p. 32
_bcolored illustrations,
_c28 cm.
500 _aFood
650 _aFood
_vPeriodical
_933440
942 _2ddc
_cPER